000
00311pam a2200145 a 4500
020
_c
041
_h
082
_a
759.1
_b
BAI
100
_a
Martin Bailey.
245
_a
Vermeer
_b
Vermeer
_h
Textual Documents
250
_a
1995.
260
_a
America
_b
Phaidon Book
300
_a
128:
_b
paper.
930
_a
2202
999
_c
235992
_d
235992